MMA FR : Amateurs 2025 - Statistiques

Statistiques générales
  • Ce quiz a été pris 71 fois
  • Le résultat moyen est 3 sur 8
Statistiques - réponses
Par images Réponse % Correct
Allan Landouzy
78%
Paul Denis Navero
75%
Ugo Vidal
73%
Noa Caruso
37%
Benoit Prigent
30%
Souhil Arezki
27%
Reda Hayfa
8%
Eddy Hourtal
6%
Aucun quiz correspondant
Distribution des résultats
% des personnes avec chaque résultat
Percentile par nombre de réponses
Votre historique - résultats
Vous n’avez pas pris ce quiz